Derecho procesal civil
Uloženo v:
| Hlavní autor: | |
|---|---|
| Médium: | Kniha |
| Jazyk: | španělština |
| Vydáno: |
Madrid
Tecnos
1973
|
| Edice: | Manuales Universitarios Españoles, 2
|
| Témata: | |
| Tagy: |
Přidat tag
Žádné tagy, Buďte první, kdo vytvoří štítek k tomuto záznamu!
|
MARC
| LEADER | 00000nam a2200000 a 4500 | ||
|---|---|---|---|
| 001 | UCS0679 | ||
| 003 | CL-VaPUC | ||
| 008 | 970426e19730000SP |||||||||||||||||spa|d | ||
| 082 | 0 | 4 | |a 347.46 |b PRI |2 21 |
| 100 | 0 | |a Prieto-Castro y Ferrandiz, Leonardo |e author |9 384460 | |
| 245 | 1 | 0 | |a Derecho procesal civil |
| 300 | |a v | ||
| 942 | |c BK | ||
| 945 | |d 19970426 00:00:00 |a paguirre | ||
| 260 | |a Madrid |b Tecnos |c 1973 | ||
| 500 | |a v.2: Procesos sumarios y especiales. Ejecución singular | ||
| 650 | 0 | |a Derecho procesal penal |9 255496 | |
| 650 | 0 | |a Procedimiento civil |9 254870 | |
| 650 | 7 | |a LEGISLACION |2 CL-VaPUC |9 384461 | |
| 650 | 7 | |a REBELDIAS |2 CL-VaPUC |9 384462 | |
| 650 | 0 | |a Juicio ejecutivo |9 254866 | |
| 650 | 0 | |a Obligaciones |9 255578 | |
| 651 | 0 | |a España |9 254926 | |
| 583 | |a last modification |c 19970426 00:00:00 |k Rodrigo Vera | ||
| 490 | 0 | |a Manuales Universitarios Españoles, 2 | |
| 999 | |c 258896 |d 258894 | ||
| 952 | |0 0 |1 0 |4 0 |6 347_460000000000000_PRI_1973 |7 0 |8 A |9 283286 |a BIBDER |b BIBDER |d 2019-11-19 |h v.2 |i 183973K |o 347.46 PRI 1973 |p 183973K |r 2023-01-25 |w 2019-11-19 |y BK |k DER | ||